000 01215nam a2200265Ia 4500
008 0000002007 usad 0000000000eng00
020 _a897973135
090 _aPUS00 L11l
245 1 0 _aL.C. Armstrong
_b: new paintings
_c/ editor Janis Gardner Cecil
300 _a15 p.
_c/ 25 cm.
500 _aExposición realizada en Marlborough, New York, abril 428, 2007 \ Incluye cronología del artista \ Proyecto Ganador Programa Apoyos Concertados FGAA 2010
501 _aBeatiful strange / Adrian Dannatt
505 _aOBRAS : Tween heaven and the deep blue see Pale male over pink pastorale Poppies and putto Pugnacious putti over paradise Dawn over dreamscape Orchids and arachnids Orchids over animal isles Heaven, hummingbirds and herons
600 0 0 _aARMSTRONG, L.C, 1954/
_xTRABAJOS PICTORICOS
650 1 4 _aARTE CONTEMPORANEO ESTADOUNIDENSE
650 1 4 _aARTISTAS PLASTICOS ESTADOUNIDENSES
650 1 4 _xCATALOGOS
650 1 4 _xEXPOSICIONES
650 1 4 _aNATURALEZA EN EL ARTE
650 1 4 _aPINTORES ESTADOUNIDENSES
650 1 4 _aPINTURA ACRILICA (ARTE)
650 1 4 _aPINTURA ESTADOUNIDENSE
700 1 _aGardner Cecil, Janis
999 _c11957
_d11957
260 _aNew York : Marlborough
_c2007